| 000 -LEADER |
| fixed length control field |
00351cam a22001337a 4500 |
| 008 - FIXED-LENGTH DATA ELEMENTS--GENERAL INFORMATION |
| fixed length control field |
180718b1972 xxu||||| |||| 00| 0 eng d |
| 082 ## - DEWEY DECIMAL CLASSIFICATION NUMBER |
| Classification number |
W Or 12 |
| 245 ## - TITLE STATEMENT |
| Title |
Optimisation of bus operation in urban areas |
| Statement of responsibility, etc. |
By OECD |
| 260 ## - PUBLICATION, DISTRIBUTION, ETC. |
| Place of publication, distribution, etc. |
Paris |
| Name of publisher, distributor, etc. |
OCED |
| Date of publication, distribution, etc. |
1972 |
| 300 ## - PHYSICAL DESCRIPTION |
| Extent |
89p. |
| 500 ## - GENERAL NOTE |
| General note |
Road research |
| 650 ## - SUBJECT ADDED ENTRY--TOPICAL TERM |
| Topical term or geographic name entry element |
Urban transportation |
| 650 ## - SUBJECT ADDED ENTRY--TOPICAL TERM |
| Topical term or geographic name entry element |
Bus lines |